| 000 | 00607cam a2200181 4500 | ||
|---|---|---|---|
| 008 | 090401t1971 xxu||||| |||| 00| 0 eng d | ||
| 020 | _a0950257109 | ||
| 035 | _a(Sirsi) u17790 | ||
| 041 | _aeng | ||
| 050 | _a527.028 | ||
| 100 | _aSaunders, Harold Nicholas | ||
| 245 | 4 | _aThe astrolabe: a brief account of its history and construction together with practical instructions showing how it was used and can still be used for solving many astronomical problems | |
| 260 |
_aBude _bH N Saunders _c1971 |
||
| 300 | _a35p. ill. 18cm. Sd. Bibl. p.35 | ||
| 350 | _a0.45 | ||
| 942 | _n0 | ||
| 948 | _c04/03/1997 | ||
| 999 |
_c87549 _d87549 |
||